| Record ID | ia:schoolzonelearni00tayl |
| Source | Internet Archive |
| Download MARC XML | https://archive.org/download/schoolzonelearni00tayl/schoolzonelearni00tayl_marc.xml |
| Download MARC binary | https://www.archive.org/download/schoolzonelearni00tayl/schoolzonelearni00tayl_meta.mrc |
LEADER: 00858cam 2200265 i 4500
001 3622743
005 19900406144846.9
008 750602s1975 nyua b 001 0 eng
035 $9(DLC) 74005950
906 $a7$bcbc$corignew$d1$eocip$f19$gy-gencatlg
010 $a 74005950
020 $a0442284543.$a0442284519$bpbk.
040 $aDLC$cDLC$dDLC
050 00 $aLB3257$b.T35
082 00 $a690.7
100 1 $aTaylor, Anne P.
245 10 $aSchool zone :$blearning environments for children /$cAnne P. Taylor, George Vlastos.
260 $aNew York :$bVan Nostrand Reinhold Co.,$c1975.
300 $a144 p. :$bill. ;$c24 cm.
504 $aBibliography: p. 140-141.
500 $aIncludes index.
650 0 $aSchool environment.
650 0 $aCreative thinking.
700 1 $aVlastos, George,$ejoint author.
991 $bc-GenColl$hLB3257$i.T35$tCopy 1$wBOOKS